000 00400 a2200157 4500
005 20250625114424.0
020 _a0-393-95499-4
082 _a808.042
100 _aHEFFERNAN, J. A.
245 _aWriting A COLLEGE Handbook,
250 _a2nd Ed.
260 _aNew York,
_bW. W. Norton,
_c1982.
300 _axxx, 685p,: ill.;
_bGlossary & Index
_c23cm
700 _aLINCOLN, J. E.
942 _2ddc
_cBKS
999 _c5034
_d5034